000 00571nam a22001817a 4500
003 CEME
005 20210628202635.0
008 210125b xxu||||| |||| 00| 0 eng d
020 _a81-7319-510-2
040 _c.
082 _a661 INO
100 _aBahadur, Dhirendra Vitta , Satish Prakash, Om
_960846
245 _aInorganic materials recent advances
260 _aNEW DELHI
_bNAROSA PUBLISHING
_c2004
300 _aXIV,554 P
650 _aINORGANIC MATERIALS-ELECTRONIC AND MAGNETIC.NANOMATERIALS- OPTOELECTRONIC MATERIALS.BIOMATERIALS.
_960847
942 _cBK
_2ddc
999 _c570470
_d570470